000 00294nam a22001097a 4500
003 SGT
082 _a370,FAU
100 _aFauzia Diba-201001002
245 _aA Study on Effect of Family Environment on Academic Achievement of Senior Secondary School Students
260 _c2020
942 _2ddc
_cTH
999 _c29415
_d29415